<?xml version="1.0" encoding="UTF-8"?>
<record
    xmlns:xsi="http://www.w3.org/2001/XMLSchema-instance"
    xsi:schemaLocation="http://www.loc.gov/MARC21/slim http://www.loc.gov/standards/marcxml/schema/MARC21slim.xsd"
    xmlns="http://www.loc.gov/MARC21/slim">

  <leader>01243mam a2200313 a 4500</leader>
  <controlfield tag="001">3310563</controlfield>
  <controlfield tag="005">20220326193307.0</controlfield>
  <controlfield tag="008">011017s2001    sp       b    001 0 spa c</controlfield>
  <datafield tag="020" ind1=" " ind2=" ">
    <subfield code="a">8497040228</subfield>
  </datafield>
  <datafield tag="035" ind1=" " ind2=" ">
    <subfield code="a">(OCoLC)ocm48637491</subfield>
  </datafield>
  <datafield tag="035" ind1=" " ind2=" ">
    <subfield code="a">(NNC)3310563</subfield>
  </datafield>
  <datafield tag="040" ind1=" " ind2=" ">
    <subfield code="a">PL#</subfield>
    <subfield code="c">PL#</subfield>
    <subfield code="d">I5B</subfield>
    <subfield code="d">FUG</subfield>
  </datafield>
  <datafield tag="042" ind1=" " ind2=" ">
    <subfield code="a">pcc</subfield>
  </datafield>
  <datafield tag="082" ind1=" " ind2=" ">
    <subfield code="a">808.02</subfield>
    <subfield code="b">M385m2</subfield>
  </datafield>
  <datafield tag="100" ind1="1" ind2=" ">
    <subfield code="a">Mart&#xED;nez de Sousa, Jos&#xE9;.</subfield>
    <subfield code="9">1804</subfield>
  </datafield>
  <datafield tag="245" ind1="1" ind2="0">
    <subfield code="a">Manual de estilo de la lengua espa&#xF1;ola /</subfield>
    <subfield code="c">Jos&#xE9; Mart&#xED;nez de Sousa.</subfield>
  </datafield>
  <datafield tag="250" ind1=" " ind2=" ">
    <subfield code="a">2. ed., revisada y ampliada.</subfield>
  </datafield>
  <datafield tag="260" ind1=" " ind2=" ">
    <subfield code="a">Gij&#xF3;n, Asturias :</subfield>
    <subfield code="b">Ediciones Trea,</subfield>
    <subfield code="c">2001.</subfield>
  </datafield>
  <datafield tag="300" ind1=" " ind2=" ">
    <subfield code="a">671 p. ;</subfield>
    <subfield code="c">24 cm.</subfield>
    <subfield code="b">col.</subfield>
  </datafield>
  <datafield tag="490" ind1="1" ind2=" ">
    <subfield code="a">Biblioteconom&#xED;a y administraci&#xF3;n cultural ;</subfield>
    <subfield code="v">38</subfield>
  </datafield>
  <datafield tag="504" ind1=" " ind2=" ">
    <subfield code="a">Includes bibliographical references (p. 647-653) and index.</subfield>
  </datafield>
  <datafield tag="505" ind1=" " ind2=" ">
    <subfield code="t">La normalizacion, el estilo y la edici&#xF3;n</subfield>
    <subfield code="t">El trabajo intelectual </subfield>
    <subfield code="t">La escritura </subfield>
    <subfield code="t">La ortotipografia</subfield>
    <subfield code="t">La bibliografia </subfield>
    <subfield code="t">Diccionarios de materias </subfield>
    <subfield code="t">Primera parte </subfield>
    <subfield code="t">Segunda parte </subfield>
  </datafield>
  <datafield tag="650" ind1=" " ind2="0">
    <subfield code="a">Spanish language</subfield>
    <subfield code="x">Style</subfield>
    <subfield code="v">Handbooks, manuals, etc.</subfield>
    <subfield code="9">1805</subfield>
  </datafield>
  <datafield tag="653" ind1=" " ind2=" ">
    <subfield code="a">Espa&#xF1;ol</subfield>
    <subfield code="a">Estilo.</subfield>
  </datafield>
  <datafield tag="653" ind1=" " ind2=" ">
    <subfield code="a">Espa&#xF1;ol</subfield>
    <subfield code="a">Redacci&#xF3;n y ejercicios.</subfield>
  </datafield>
  <datafield tag="700" ind1=" " ind2=" ">
    <subfield code="a">Mart&#xED;nez de Sousa, Jos&#xE9;.</subfield>
    <subfield code="9">1806</subfield>
  </datafield>
  <datafield tag="830" ind1=" " ind2="0">
    <subfield code="a">Biblioteconom&#xED;a y administraci&#xF3;n cultural ;</subfield>
    <subfield code="v">38.</subfield>
    <subfield code="9">1807</subfield>
  </datafield>
  <datafield tag="999" ind1=" " ind2=" ">
    <subfield code="c">379</subfield>
    <subfield code="d">379</subfield>
  </datafield>
  <datafield tag="952" ind1=" " ind2=" ">
    <subfield code="0">0</subfield>
    <subfield code="1">0</subfield>
    <subfield code="2">ddc</subfield>
    <subfield code="4">0</subfield>
    <subfield code="7">0</subfield>
    <subfield code="a">LV</subfield>
    <subfield code="b">LV</subfield>
    <subfield code="c">Pensamiento</subfield>
    <subfield code="d">2014-11-28</subfield>
    <subfield code="l">0</subfield>
    <subfield code="o">808.02 M385m2</subfield>
    <subfield code="p">000331</subfield>
    <subfield code="r">2014-11-28 00:00:00</subfield>
    <subfield code="w">2014-11-28</subfield>
    <subfield code="y">01</subfield>
  </datafield>
</record>
